| 000 | 00962nam a22002417a 4500 | ||
|---|---|---|---|
| 999 |
_c21382 _d21382 |
||
| 003 | AR-CdUCM | ||
| 008 | 190319b ||||| |||| 00| 0 spa d | ||
| 020 | _a9789972573736 | ||
| 040 |
_aMUNICIPALIDAD PROVINCIAL DEL CUSCO _cBIBLIOTECA MUNICIPAL DEL CUSCO |
||
| 082 |
_a658.807/P59 _bP59 |
||
| 100 |
_aPipoli de Butrón, Gina _922886 |
||
| 245 |
_aLas mejores prácticas del Marketing : _bCasos ganadores de los premios EFFIE Perú 2013-2014 / |
||
| 260 |
_aLima ; _bUniversidad del Pacífico, _c2017. |
||
| 300 |
_a246 Páginas. : _c24 cm. |
||
| 505 | _aContenido: Categoría alimentos caso jueves de pavita -- Categoría productos caso Cemento Andino -- Categoría lanzamiento de nuevos productos caso crema de ají Tari ... | ||
| 650 |
_aMarketing _912422 |
||
| 650 |
_aPremios EFFIE Perú _944667 |
||
| 650 |
_aPremios _928473 |
||
| 650 |
_aEstudio de casos _98657 |
||
| 710 |
_aUniversidad del Pacífico _98279 |
||
| 942 |
_2ddc _cLIBROS |
||
| 945 | _aRoel | ||